[Event "4NCL/Div3/OXF2 vs. CELT2"]
[Site "Hinckley Island ENG"]
[Date "2008.12.06"]
[Round "3.6"]
[White "Bannon, Senan"]
[Black "Jeffries, Majid"]
[Result "0-1"]
[WhiteElo "1475"]
[BlackElo "2019"]
[PlyCount "174"]
[EventDate "2008.12.06"]
[SourceDate "2008.10.04"]

1. e4 c5 2. Nf3 d6 3. d4 cxd4 4. Nxd4 Nf6 5. Nc3 a6 6. Be2 e6 7. g4 Nc6 8. g5
Nd7 9. f4 Nxd4 10. Qxd4 Qb6 11. Qxb6 Nxb6 12. Be3 Nd7 13. O-O-O Be7 14. Bf3 O-O
15. h4 Rb8 16. Ba7 Ra8 17. Be3 Nb8 18. f5 Nc6 19. Rhg1 exf5 20. Nd5 Be6 21.
exf5 Bxf5 22. Nxe7+ Nxe7 23. Rxd6 Rac8 24. c3 Nc6 25. Bxc6 bxc6 26. Rgd1 Rfe8
27. Bb6 Be6 28. a3 f6 29. gxf6 gxf6 30. Rf1 Kf7 31. Rd2 Rg8 32. Bd4 f5 33. Rdd1
Rg4 34. Rh1 h5 35. Rdf1 Rd8 36. Be3 Rd3 37. Bg5 a5 38. Rh2 a4 39. Rd2 Rxd2 40.
Kxd2 Rg2+ 41. Kc1 Kg6 42. Rd1 Bd5 43. Rd2 Rg1+ 44. Rd1 Rg4 45. Rd4 Kf7 46. Kd2
Ke6 47. Ke3 Rg3+ 48. Kd2 Rg2+ 49. Kc1 Bb3 50. Bf4 c5 51. Rd6+ Ke7 52. Rh6 Rc2+
53. Kb1 Rf2 54. Bg5+ Kf7 55. Kc1 Rf1+ 56. Kd2 Rb1 57. Ke3 Rxb2 58. Kf4 Rf2+ 59.
Ke5 Re2+ 60. Kxf5 Bc2+ 61. Kf4 Bg6 62. Rh8 Re4+ 63. Kf3 Rc4 64. Rc8 Rxc3+ 65.
Kf4 c4 66. Rc7+ Ke8 67. Ke5 Rf3 68. Re7+ Kf8 69. Rc7 Bf7 70. Ke4 Rf1 71. Bh6+
Kg8 72. Bg5 Ra1 73. Rc8+ Kg7 74. Kf5 Rf1+ 75. Ke5 Rf3 76. Be7 Re3+ 77. Kd6 Rxa3
78. Kc5 Rd3 79. Kb4 a3 80. Ra8 Rb3+ 81. Kc5 c3 82. Ra6 c2 83. Bg5 Rc3+ 84. Kb4
Rg3 85. Bc1 a2 86. Bb2+ Kh7 87. Ra7 Rb3+ 0-1

[Event "4NCL/Div3/BCA vs. LIT2"]
[Site "Hinckley Island ENG"]
[Date "2008.12.06"]
[Round "3.1"]
[White "Crouch, Colin"]
[Black "Edwards, Alan"]
[Result "1-0"]
[WhiteElo "2359"]
[BlackElo "2087"]
[PlyCount "67"]
[EventDate "2008.12.06"]
[SourceDate "2008.10.04"]

1. d4 Nf6 2. Nf3 e6 3. c4 b6 4. g3 Bb7 5. Bg2 Bb4+ 6. Nbd2 O-O 7. a3 Bxd2+ 8.
Bxd2 d6 9. O-O Nbd7 10. b4 Ne4 11. Be1 f5 12. a4 Qe7 13. a5 Ng5 14. d5 Nxf3+
15. exf3 e5 16. Bc3 Nf6 17. Re1 Qf7 18. b5 Nd7 19. Qc2 a6 20. bxa6 Bxa6 21. Bb2
Bb7 22. axb6 Nxb6 23. f4 exf4 24. gxf4 Rxa1 25. Bxa1 Nd7 26. Re3 Bc8 27. Qe2
Nf6 28. Re7 Qg6 29. Rxc7 Re8 30. Rxc8 Rxc8 31. Qe6+ Kf8 32. Qxc8+ Ne8 33. h3
Qh5 34. Kh2 1-0

[Event "4NCL/Div3/BCA vs. LIT2"]
[Site "Hinckley Island ENG"]
[Date "2008.12.06"]
[Round "3.2"]
[White "Gibson, Christopher A"]
[Black "Mordue, A Tyson"]
[Result "0-1"]
[WhiteElo "1951"]
[BlackElo "2292"]
[PlyCount "74"]
[EventDate "2008.12.06"]
[SourceDate "2008.10.04"]

1. d4 Nf6 2. c4 g6 3. Nc3 Bg7 4. e4 d6 5. f3 O-O 6. Be3 e5 7. d5 Nh5 8. Qd2 f5
9. O-O-O Nd7 10. Bd3 Ndf6 11. Nge2 a6 12. c5 Qe8 13. cxd6 cxd6 14. Kb1 b5 15.
exf5 gxf5 16. Ng3 b4 17. Nce2 f4 18. Nxh5 Qxh5 19. Bb6 a5 20. Bc7 Ne8 21. Bb6
Nf6 22. Bc7 Ne8 23. Bb6 Rf7 24. g4 Qh4 25. Ng1 Rb7 26. Bf2 Qe7 27. Re1 Qf7 28.
h4 Nc7 29. Nh3 Nxd5 30. Bxh7+ Kh8 31. Rc1 Nc3+ 32. Rxc3 bxc3 33. Qxc3 Rab8 34.
b3 Rxb3+ 35. axb3 Rxb3+ 36. Kc2 Rxc3+ 37. Kxc3 e4+ 0-1

[Event "4NCL/Div3/BCA vs. LIT2"]
[Site "Hinckley Island ENG"]
[Date "2008.12.06"]
[Round "3.3"]
[White "Ross, Chris"]
[Black "Jaszkiwskyj, Peter"]
[Result "1-0"]
[WhiteElo "2172"]
[BlackElo "2020"]
[PlyCount "89"]
[EventDate "2008.12.06"]
[SourceDate "2008.10.04"]

1. e4 e5 2. Nf3 Nc6 3. Bb5 a6 4. Ba4 Nf6 5. O-O b5 6. Bb3 Be7 7. Re1 d6 8. c3
O-O 9. h3 Nd7 10. d4 Bf6 11. a4 Bb7 12. axb5 axb5 13. Rxa8 Qxa8 14. d5 Ne7 15.
Na3 Ba6 16. Nc2 Nc5 17. Ba2 Bc8 18. Nb4 Bd7 19. Nh2 Ng6 20. Ng4 Be7 21. Bb1
Nxe4 22. Bxe4 f5 23. Bf3 fxg4 24. Bxg4 Bxg4 25. Qxg4 Bf6 26. Be3 Ne7 27. Qd7
Qb7 28. Ra1 Nc8 29. Ra5 Rf7 30. Qxb5 Qxb5 31. Rxb5 Ne7 32. Rb8+ Rf8 33. Rxf8+
Kxf8 34. g4 h6 35. Kg2 Ke8 36. Kf3 Kd7 37. Ke4 Kc8 38. c4 Kb7 39. b3 Kc8 40.
Nc6 Kd7 41. Nxe7 Kxe7 42. b4 Kd7 43. b5 Ke8 44. c5 Bd8 45. b6 1-0

[Event "4NCL/Div3/BCA vs. LIT2"]
[Site "Hinckley Island ENG"]
[Date "2008.12.06"]
[Round "3.4"]
[White "Ireland, David J"]
[Black "Hilton, Steve"]
[Result "1-0"]
[WhiteElo "1996"]
[BlackElo "1907"]
[PlyCount "65"]
[EventDate "2008.12.06"]
[SourceDate "2008.10.04"]

1. e4 Nf6 2. e5 Nd5 3. Nc3 Nxc3 4. dxc3 d5 5. Nf3 Bg4 6. Bf4 e6 7. h3 Bh5 8. g4
Bg6 9. Bd3 Be7 10. Qd2 c5 11. O-O-O Qa5 12. Kb1 Nc6 13. h4 c4 14. h5 Be4 15.
Bxe4 dxe4 16. Qd7+ Kf8 17. Nd4 Qb6 18. Nxe6+ fxe6 19. Qxe6 Nd8 20. Qf5+ Ke8 21.
Rd6 Qb5 22. Qxe4 Rf8 23. Bg3 Nf7 24. Rhd1 Ng5 25. Qe2 Rf3 26. Bh4 Rxc3 27. R1d5
Qb4 28. Qd2 Nf3 29. Rd8+ Rxd8 30. Rxd8+ Bxd8 31. Qxd8+ Kf7 32. Qd7+ Kf8 33. e6
1-0

[Event "4NCL/Div3/BCA vs. LIT2"]
[Site "Hinckley Island ENG"]
[Date "2008.12.06"]
[Round "3.5"]
[White "Armstrong, William G"]
[Black "Hewitt, Sean D"]
[Result "1/2-1/2"]
[WhiteElo "1964"]
[BlackElo "1995"]
[PlyCount "73"]
[EventDate "2008.12.06"]
[SourceDate "2008.10.04"]

1. d4 Nf6 2. Nf3 d5 3. e3 e6 4. Bd3 c5 5. b3 Nc6 6. O-O cxd4 7. exd4 Be7 8. Bb2
Bd7 9. Nbd2 Rc8 10. a3 O-O 11. Qe2 Re8 12. Ne5 Bf8 13. Qf3 g6 14. g4 Bg7 15. h4
Nxe5 16. dxe5 Ne4 17. Nxe4 dxe4 18. Bxe4 Qxh4 19. Kg2 Qg5 20. Qg3 Bc6 21. Bxc6
Rxc6 22. c4 Rd8 23. Rad1 Rc7 24. Rh1 Rcd7 25. Rxd7 Rxd7 26. Re1 Qd2 27. Bc3 Qc2
28. Bb4 Rd3 29. Re3 Rd1 30. Qf3 Qb1 31. Qxb7 Rg1+ 32. Kh2 h6 33. Bd6 Rxg4 34.
Rg3 Rh4+ 35. Rh3 Rg4 36. Rg3 Rh4+ 37. Rh3 1/2-1/2

[Event "4NCL/Div3/BCA vs. LIT2"]
[Site "Hinckley Island ENG"]
[Date "2008.12.06"]
[Round "3.6"]
[White "Watkinson, Phil K"]
[Black "Cole, Tristram C"]
[Result "1/2-1/2"]
[WhiteElo "1950"]
[BlackElo "1970"]
[PlyCount "58"]
[EventDate "2008.12.06"]
[SourceDate "2008.10.04"]

1. d4 e6 2. c4 d5 3. Nc3 Nf6 4. cxd5 exd5 5. Bg5 c6 6. e3 Bd6 7. Bd3 Nbd7 8.
Qc2 Qc7 9. Nge2 h6 10. Bh4 a6 11. h3 Nh5 12. f4 g5 13. fxg5 Bg3+ 14. Bxg3 Nxg3
15. Nxg3 Qxg3+ 16. Qf2 Qxf2+ 17. Kxf2 hxg5 18. Rae1 Nf6 19. e4 dxe4 20. Nxe4
Nxe4+ 21. Bxe4 Be6 22. d5 cxd5 23. Bxd5 Ke7 24. Bxe6 fxe6 25. Re4 Rac8 26. Rhe1
Rc2+ 27. R1e2 Rxe2+ 28. Kxe2 Kf6 29. Kf3 Rh7 1/2-1/2

[Event "4NCL/Div3/FCA2 vs. MIN"]
[Site "Hinckley Island ENG"]
[Date "2008.12.06"]
[Round "3.1"]
[White "Borrowdale, Graham"]
[Black "Ackley, Peter"]
[Result "1/2-1/2"]
[WhiteElo "2035"]
[BlackElo "2112"]
[PlyCount "45"]
[EventDate "2008.12.06"]
[SourceDate "2008.10.04"]

1. c4 e6 2. Nf3 f5 3. g3 Nf6 4. Bg2 Be7 5. O-O O-O 6. Nc3 d6 7. d4 a5 8. b3 Ne4
9. Bb2 Nxc3 10. Bxc3 Qe8 11. Qd2 a4 12. b4 Nd7 13. Ne1 Nb6 14. Qd3 d5 15. c5
Nc4 16. Nf3 Bd7 17. Nd2 Bb5 18. Nxc4 Bxc4 19. Qe3 Bf6 20. f4 Qe7 21. Bd2 h6 22.
h4 h5 23. a3 1/2-1/2

[Event "4NCL/Div3/FCA2 vs. MIN"]
[Site "Hinckley Island ENG"]
[Date "2008.12.06"]
[Round "3.2"]
[White "Taylor, Robert K"]
[Black "Freeman, Richard C P"]
[Result "1/2-1/2"]
[WhiteElo "2107"]
[BlackElo "2082"]
[PlyCount "53"]
[EventDate "2008.12.06"]
[SourceDate "2008.10.04"]

1. e4 g6 2. d4 Bg7 3. Nf3 d6 4. Be2 Nf6 5. Nbd2 O-O 6. c3 Nbd7 7. O-O e5 8. Re1
Nh5 9. dxe5 dxe5 10. Nc4 Nf4 11. Bf1 Qe7 12. g3 Ne6 13. b3 Rd8 14. Qc2 h6 15.
a4 Ng5 16. Nxg5 hxg5 17. Ba3 Qe6 18. Ne3 c6 19. Bc4 Qe8 20. Rad1 Nf6 21. Bc1
Be6 22. Bxe6 Qxe6 23. c4 Bf8 24. Kg2 Be7 25. Nf1 Nh7 26. h3 Rxd1 27. Rxd1
1/2-1/2

[Event "4NCL/Div3/FCA2 vs. MIN"]
[Site "Hinckley Island ENG"]
[Date "2008.12.06"]
[Round "3.3"]
[White "Kendall, Paul S N"]
[Black "Hardman, Michael J"]
[Result "1/2-1/2"]
[WhiteElo "2062"]
[BlackElo "2088"]
[PlyCount "71"]
[EventDate "2008.12.06"]
[SourceDate "2008.10.04"]

1. e4 d6 2. c3 Nf6 3. Nf3 g6 4. Be2 Bg7 5. O-O O-O 6. d3 c5 7. a4 Nc6 8. Nbd2
b6 9. d4 cxd4 10. cxd4 Bb7 11. Bd3 Nb4 12. Bb1 a5 13. Re1 Nd7 14. Ra3 e6 15.
Nf1 h6 16. Bf4 e5 17. Be3 exd4 18. Nxd4 Nc5 19. Qd2 Kh7 20. Bxh6 Bc8 21. Bxg7
Kxg7 22. Rg3 Rh8 23. Nf5+ Kf8 24. Qxd6+ Qxd6 25. Nxd6 Be6 26. e5 Nxa4 27. Be4
Rb8 28. b3 Nc5 29. Rc1 Ke7 30. Nd2 Nba6 31. Bc6 Nb4 32. Bb5 Rh4 33. h3 Na2 34.
Rc2 Nb4 35. Rc1 Na2 36. Rc2 1/2-1/2

[Event "4NCL/Div3/FCA2 vs. MIN"]
[Site "Hinckley Island ENG"]
[Date "2008.12.06"]
[Round "3.4"]
[White "Hawkins, Nick"]
[Black "Elwin, Adrian G"]
[Result "1/2-1/2"]
[WhiteElo "2013"]
[BlackElo "2015"]
[PlyCount "27"]
[EventDate "2008.12.06"]
[SourceDate "2008.10.04"]

1. d4 Nf6 2. Nf3 e6 3. e3 b6 4. Bd3 Bb7 5. Nbd2 d5 6. O-O Nbd7 7. b3 Be7 8. Bb2
O-O 9. Ne5 Ne4 10. Nxd7 Qxd7 11. f3 Nxd2 12. Qxd2 f5 13. Qe2 Bf6 14. f4 1/2-1/2

[Event "4NCL/Div3/FCA2 vs. MIN"]
[Site "Hinckley Island ENG"]
[Date "2008.12.06"]
[Round "3.5"]
[White "Valentine, Brian J"]
[Black "Twitchell, Neville H"]
[Result "1-0"]
[WhiteElo "1995"]
[BlackElo "1983"]
[PlyCount "131"]
[EventDate "2008.12.06"]
[SourceDate "2008.10.04"]

1. e4 c5 2. Ne2 d6 3. Nbc3 Nf6 4. d4 cxd4 5. Nxd4 a6 6. Be2 e5 7. Nb3 Be7 8.
O-O O-O 9. Be3 Be6 10. f4 exf4 11. Rxf4 Qc7 12. Nd4 Nbd7 13. Nf5 Bxf5 14. exf5
b5 15. a4 b4 16. Rxb4 d5 17. Rh4 Qe5 18. Qd4 Qxf5 19. Bd3 Qe5 20. Rd1 Rfe8 21.
Qxe5 Nxe5 22. Bd4 Nxd3 23. Rxd3 Rac8 24. Kf1 g6 25. Rf4 Rc6 26. Rdf3 Ne4 27.
Nxe4 dxe4 28. Rxe4 f5 29. Re2 Rd8 30. c3 Kf7 31. g4 Rd5 32. gxf5 gxf5 33. Rh3
h6 34. Rg2 Bg5 35. Ke2 f4 36. Rf3 Re6+ 37. Kd3 Re3+ 38. Rxe3 fxe3 39. h4 Bxh4
40. Kxe3 Bg5+ 41. Ke4 Ke6 42. c4 Rd8 43. b4 Kd6 44. b5 Re8+ 45. Kd3 axb5 46.
axb5 Re1 47. Re2 Rd1+ 48. Kc3 Rc1+ 49. Kb4 Rb1+ 50. Ka5 Rd1 51. Re4 Rd2 52. b6
Ra2+ 53. Kb5 Bd8 54. Be5+ Kd7 55. Rd4+ Ke8 56. Kc6 Ra8 57. b7 Ra6+ 58. Kd5 Ra5+
59. Ke4 Rxe5+ 60. Kxe5 Bc7+ 61. Ke6 h5 62. c5 Bg3 63. Rb4 Bb8 64. Rh4 Kd8 65.
c6 Kc7 66. Kd5 1-0

[Event "4NCL/Div3/FCA2 vs. MIN"]
[Site "Hinckley Island ENG"]
[Date "2008.12.06"]
[Round "3.6"]
[White "Chadwick, Susan E"]
[Black "Shaw, John S"]
[Result "0-1"]
[WhiteElo "1640"]
[BlackElo "1895"]
[PlyCount "90"]
[EventDate "2008.12.06"]
[SourceDate "2008.10.04"]

1. d4 Nf6 2. Nf3 e6 3. e3 d5 4. Bd3 c5 5. b3 Nc6 6. a3 Bd6 7. O-O O-O 8. Bb2 b6
9. Ne5 Bb7 10. Nd2 cxd4 11. exd4 Qc7 12. Ndf3 Ne4 13. Re1 f5 14. Nxc6 Bxc6 15.
Ne5 Bb7 16. Re3 Rac8 17. c4 Bxe5 18. dxe5 Rfd8 19. cxd5 Bxd5 20. Rc1 Qb7 21.
Rxc8 Rxc8 22. Qe2 Nc5 23. Bc4 Rd8 24. Bxd5 Qxd5 25. f4 Nxb3 26. Bc3 Nc5 27. Bb4
Qd1+ 28. Qxd1 Rxd1+ 29. Kf2 Rd5 30. Ke2 Kf7 31. Bxc5 bxc5 32. Rd3 Ke7 33. Rb3
g6 34. Rb7+ Rd7 35. Rxd7+ Kxd7 36. Kd3 Kc6 37. Kc4 a6 38. a4 a5 39. h3 Kb6 40.
g3 Kc6 41. g4 fxg4 42. hxg4 h5 43. f5 exf5 44. gxf5 gxf5 45. Kd3 Kd5 0-1

[Event "4NCL/Div3/NOTT2 vs. WWKS2"]
[Site "Hinckley Island ENG"]
[Date "2008.12.06"]
[Round "3.1"]
[White "Taylor, Robert P"]
[Black "Galloway, Iain"]
[Result "0-1"]
[WhiteElo "1944"]
[BlackElo "2139"]
[PlyCount "74"]
[EventDate "2008.12.06"]
[SourceDate "2008.10.04"]

1. d4 e6 2. Nf3 Nf6 3. Bg5 d5 4. e3 Nbd7 5. Nbd2 Be7 6. Bd3 c5 7. c4 b6 8. O-O
O-O 9. Qe2 Bb7 10. Rac1 Ne4 11. Bxe7 Qxe7 12. b3 Rad8 13. Rc2 f5 14. cxd5 exd5
15. Rfc1 Nd6 16. Ba6 Ba8 17. Nb1 Rde8 18. Nc3 f4 19. exf4 Rxf4 20. Qxe7 Rxe7
21. dxc5 Nxc5 22. Bf1 Rg4 23. Re2 Rxe2 24. Nxe2 Ne6 25. Ng3 Rf4 26. Ne5 Rf8 27.
Nc6 Rf7 28. Ne5 Rf8 29. Be2 Nc5 30. Bg4 a5 31. Nd7 Nxd7 32. Bxd7 Rd8 33. Be6+
Kf8 34. Rd1 Nb5 35. Nf5 g6 36. Nd4 Nxd4 37. Rxd4 Re8 0-1

[Event "4NCL/Div3/NOTT2 vs. WWKS2"]
[Site "Hinckley Island ENG"]
[Date "2008.12.06"]
[Round "3.2"]
[White "Malik, Dani"]
[Black "Thompson, Brian"]
[Result "1/2-1/2"]
[WhiteElo "2125"]
[BlackElo "1935"]
[PlyCount "58"]
[EventDate "2008.12.06"]
[SourceDate "2008.10.04"]

1. e4 c5 2. c3 g6 3. d4 cxd4 4. Qxd4 Nf6 5. Bg5 Nc6 6. Qe3 Bg7 7. Nd2 O-O 8. f3
d6 9. Be2 Be6 10. Nh3 Qb6 11. Qxb6 axb6 12. a3 Bxh3 13. gxh3 Nd7 14. O-O Ra5
15. Be3 Rfa8 16. Nc4 R5a6 17. Rad1 b5 18. Nd2 Na7 19. Bxa7 R6xa7 20. Bxb5 Nf6
21. Nb3 Rc8 22. Be2 Bh6 23. Rfe1 Nd7 24. Kf2 Bf4 25. Kg2 Nc5 26. Nxc5 Rxc5 27.
Rd5 Rxd5 28. exd5 Ra5 29. c4 Be5 1/2-1/2

[Event "4NCL/Div3/NOTT2 vs. WWKS2"]
[Site "Hinckley Island ENG"]
[Date "2008.12.06"]
[Round "3.3"]
[White "Graham, Neil"]
[Black "Malik, Kaiser"]
[Result "0-1"]
[WhiteElo "1925"]
[BlackElo "2075"]
[PlyCount "98"]
[EventDate "2008.12.06"]
[SourceDate "2008.10.04"]

1. d4 d5 2. e4 dxe4 3. Nc3 e5 4. Qh5 Qxd4 5. Be3 Nf6 6. Bxd4 Nxh5 7. Bxe5 Bb4
8. O-O-O Bxc3 9. Bxc3 O-O 10. Be5 c6 11. Bc4 Nd7 12. Bd6 Re8 13. g4 Nhf6 14. h3
Nb6 15. Bb3 Be6 16. Bxe6 Rxe6 17. Bc5 Nc4 18. b3 Ne5 19. Ne2 b6 20. Ba3 Nf3 21.
Nf4 Ree8 22. Rd6 c5 23. Bb2 Red8 24. Rhd1 Nd4 25. Rxd8+ Rxd8 26. Bxd4 cxd4 27.
g5 Ne8 28. Ne2 f6 29. gxf6 Nxf6 30. Nxd4 Nh5 31. c3 Nf4 32. Kd2 Nxh3 33. Ke3
Ng5 34. Rg1 h6 35. c4 Kf7 36. Nc6 Rd3+ 37. Ke2 Nf3 38. Rg3 h5 39. Nxa7 h4 40.
Rg4 h3 41. Rxe4 h2 42. Kxd3 h1=Q 43. Rf4+ Ke6 44. Nb5 Ne5+ 45. Ke2 Qh5+ 46. Kf1
Qd1+ 47. Kg2 g5 48. Rf8 Ng6 49. Nc7+ Ke7 0-1

[Event "4NCL/Div3/NOTT2 vs. WWKS2"]
[Site "Hinckley Island ENG"]
[Date "2008.12.06"]
[Round "3.4"]
[White "Webster, Paul"]
[Black "Cranmer, Stan"]
[Result "1-0"]
[WhiteElo "2095"]
[BlackElo "1890"]
[PlyCount "73"]
[EventDate "2008.12.06"]
[SourceDate "2008.10.04"]

1. d4 Nf6 2. Nf3 e6 3. c4 c5 4. Nc3 d5 5. e3 Nc6 6. Be2 b6 7. cxd5 exd5 8. Bb5
Bd7 9. dxc5 Bxc5 10. Nxd5 Nxd5 11. Qxd5 Qc7 12. Qe4+ Be7 13. Bd2 O-O 14. Rc1
Rac8 15. O-O Bf6 16. Bc3 Rfe8 17. Qd5 Bxc3 18. Rxc3 Re6 19. Rfc1 Rd6 20. Qc4
Qd8 21. Qe2 g6 22. h3 Qf6 23. Nd4 Nxd4 24. Rxc8+ Bxc8 25. Rxc8+ Kg7 26. exd4
Rxd4 27. Qe8 Rd1+ 28. Bf1 Qf5 29. Rd8 Ra1 30. Qf8+ Kf6 31. Qd6+ Kg7 32. Qd4+
Kh6 33. Rg8 Kg5 34. Qd2+ Kf6 35. Qd8+ Ke5 36. Re8+ Kf4 37. Qd2# 1-0

[Event "4NCL/Div3/NOTT2 vs. WWKS2"]
[Site "Hinckley Island ENG"]
[Date "2008.12.06"]
[Round "3.5"]
[White "Hill, Maurice J"]
[Black "Cooper, David M"]
[Result "0-1"]
[WhiteElo "1870"]
[BlackElo "2085"]
[PlyCount "158"]
[EventDate "2008.12.06"]
[SourceDate "2008.10.04"]

1. g3 e5 2. c4 Nc6 3. Bg2 f5 4. Nc3 Nf6 5. a3 Be7 6. d3 O-O 7. e4 d6 8. Nge2
Be6 9. O-O fxe4 10. Nxe4 Nxe4 11. Bxe4 Bh3 12. Bg2 Qd7 13. d4 Bxg2 14. Kxg2
exd4 15. Nxd4 Bf6 16. Be3 Nxd4 17. Bxd4 Qc6+ 18. Kg1 Qxc4 19. Bxf6 Rxf6 20. Rc1
Qf7 21. Rc3 c6 22. Rd3 d5 23. b4 Rf8 24. f3 Re6 25. Re1 Rfe8 26. Rxe6 Qxe6 27.
Kf2 Qe5 28. Qd2 Kf7 29. b5 Qc7 30. bxc6 bxc6 31. Rc3 Qb6+ 32. Kg2 d4 33. Rc4 c5
34. Qf4+ Kg8 35. Qf5 Qb2+ 36. Kh3 Qxa3 37. Rxc5 Qa6 38. g4 d3 39. Qd7 Rf8 40.
Qd5+ Kh8 41. Rc6 Qb7 42. Rd6 Qxd5 43. Rxd5 Rxf3+ 44. Kg2 Rf8 45. Rxd3 a5 46.
Ra3 Ra8 47. Ra4 Kg8 48. Kf3 Kf7 49. Ke4 Ke6 50. Kd4 Kd6 51. Ra3 a4 52. Kc4 Ke5
53. h3 Kf4 54. Kd5 Kg5 55. Ke6 Kf4 56. Kd5 g6 57. Ke6 Kg5 58. Kf7 Ra7+ 59. Ke6
Ra5 60. Kd6 h6 61. Kc6 Re5 62. Kd6 Re4 63. Kd5 Rb4 64. Kc5 Rb3 65. Rxa4 Rxh3
66. Ra6 Rg3 67. Kd4 Rxg4+ 68. Ke3 h5 69. Kf3 Rf4+ 70. Kg3 Rf5 71. Rc6 Rb5 72.
Rd6 Rb3+ 73. Kg2 h4 74. Rd5+ Kg4 75. Rd4+ Kh5 76. Rd5+ g5 77. Rc5 h3+ 78. Kh2
Rf3 79. Rc8 Kg4 0-1

[Event "4NCL/Div3/NOTT2 vs. WWKS2"]
[Site "Hinckley Island ENG"]
[Date "2008.12.06"]
[Round "3.6"]
[White "Weaving, Richard"]
[Black "Myers, Richard"]
[Result "1/2-1/2"]
[WhiteElo "1950"]
[BlackElo "1840"]
[PlyCount "60"]
[EventDate "2008.12.06"]
[SourceDate "2008.10.04"]

1. e4 e6 2. d4 d5 3. Nd2 dxe4 4. Nxe4 Nd7 5. Bd3 Ngf6 6. c3 Be7 7. Nf3 b6 8.
O-O Bb7 9. Ng3 c5 10. Re1 Qc7 11. Qe2 O-O 12. Bg5 Rfd8 13. Rad1 Nd5 14. Bxe7
Nxe7 15. Ng5 Nf6 16. Nh5 Ned5 17. h3 h6 18. Ne4 Nxh5 19. Qxh5 Nf4 20. Qh4 Nxd3
21. Rxd3 cxd4 22. Rg3 Kf8 23. Rd3 dxc3 24. Rxc3 Qe7 25. Qf4 Rdc8 26. Qe5 Bxe4
27. Rxc8+ Rxc8 28. Qxe4 Qc7 29. Qh7 f5 30. Qg6 Qf7 1/2-1/2

[Event "4NCL/Div3/SCS vs. CONQ"]
[Site "Hinckley Island ENG"]
[Date "2008.12.06"]
[Round "3.1"]
[White "Heard, Andrew H"]
[Black "Turner, Caius"]
[Result "0-1"]
[WhiteElo "1975"]
[BlackElo "2089"]
[PlyCount "54"]
[EventDate "2008.12.06"]
[SourceDate "2008.10.04"]

1. d4 b5 2. Nf3 Bb7 3. Bf4 e6 4. e3 a6 5. a4 b4 6. c4 f5 7. Nbd2 Nf6 8. Bd3 Be7
9. Qc2 O-O 10. O-O a5 11. d5 Na6 12. Nb3 Nc5 13. Nxc5 Bxc5 14. Rfd1 Qe7 15.
Rac1 Kh8 16. Nd4 Bxd4 17. exd4 exd5 18. c5 Rac8 19. Re1 Qf7 20. Re5 Ne4 21.
Bxe4 fxe4 22. Bg3 d6 23. Rg5 Qf6 24. Qd2 Bc6 25. cxd6 cxd6 26. b3 Qe6 27. Qe2
Bxa4 0-1

[Event "4NCL/Div3/SCS vs. CONQ"]
[Site "Hinckley Island ENG"]
[Date "2008.12.06"]
[Round "3.2"]
[White "Foster, James C"]
[Black "Sathyanandha, Saravanan"]
[Result "1-0"]
[WhiteElo "1992"]
[BlackElo "1951"]
[PlyCount "31"]
[EventDate "2008.12.06"]
[SourceDate "2008.10.04"]

1. e4 e6 2. d4 d5 3. exd5 exd5 4. c4 c6 5. Nc3 Nf6 6. Bd3 Be6 7. cxd5 Nxd5 8.
Nge2 Be7 9. O-O O-O 10. Re1 Bf6 11. Ne4 Nd7 12. Nxf6+ Qxf6 13. Ng3 Kh8 14. Bc2
c5 15. dxc5 Qe7 16. Qxd5 1-0

[Event "4NCL/Div3/SCS vs. CONQ"]
[Site "Hinckley Island ENG"]
[Date "2008.12.06"]
[Round "3.3"]
[White "Lutton, J Arnold"]
[Black "Gibbs, Dominic"]
[Result "0-1"]
[WhiteElo "1874"]
[BlackElo "1970"]
[PlyCount "63"]
[EventDate "2008.12.06"]
[SourceDate "2008.10.04"]

1. e4 c5 2. Nc3 Nc6 3. f4 g6 4. Nf3 Bg7 5. Be2 e6 6. O-O Nge7 7. Qe1 O-O 8. d3
d6 9. f5 exf5 10. Bg5 h6 11. Bc1 d5 12. Qh4 dxe4 13. dxe4 fxe4 14. Nxe4 Nf5 15.
Qxd8 Rxd8 16. Nxc5 Ncd4 17. Kf2 Nxf3 18. Kxf3 Nd4+ 19. Kf2 Nxc2 20. Nb3 Nxa1
21. Nxa1 Be6 22. a3 Bd4+ 23. Ke1 Rac8 24. Bxh6 Bxb2 25. Kf2 Bxa3 26. Bg5 Rd5
27. Bf6 Rf5+ 28. Ke3 Bc1+ 29. Ke4 Bd5+ 30. Kd4 Bb2+ 31. Kd3 Rxf1 32. Bxf1 0-1

[Event "4NCL/Div3/SCS vs. CONQ"]
[Site "Hinckley Island ENG"]
[Date "2008.12.06"]
[Round "3.4"]
[White "Holland, James"]
[Black "Bogoda, Sagara T"]
[Result "1/2-1/2"]
[WhiteElo "1920"]
[BlackElo "1870"]
[PlyCount "59"]
[EventDate "2008.12.06"]
[SourceDate "2008.10.04"]

1. Nf3 Nf6 2. b3 g6 3. Bb2 Bg7 4. e3 O-O 5. d4 d5 6. Nbd2 c6 7. Bd3 Nbd7 8. c4
b6 9. O-O Ba6 10. e4 dxe4 11. Nxe4 Nxe4 12. Bxe4 Rc8 13. Qe2 Nf6 14. Bd3 Nh5
15. g3 e6 16. Rfd1 Re8 17. Ne5 Nf6 18. f4 Nd7 19. Rac1 Nxe5 20. dxe5 Qe7 21.
Be4 c5 22. Rd6 Red8 23. Rcd1 Rxd6 24. Rxd6 Bb7 25. Bxb7 Qxb7 26. Qd3 Bf8 27.
Rd7 Rc7 28. Rd8 Kg7 29. f5 gxf5 30. Rxf8 1/2-1/2

[Event "4NCL/Div3/SCS vs. CONQ"]
[Site "Hinckley Island ENG"]
[Date "2008.12.06"]
[Round "3.5"]
[White "Bogoda, Nathasha"]
[Black "Desai, Anup"]
[Result "0-1"]
[WhiteElo "1595"]
[BlackElo "1715"]
[PlyCount "90"]
[EventDate "2008.12.06"]
[SourceDate "2008.10.04"]

1. d4 d5 2. c4 e6 3. Nf3 Nf6 4. Nc3 Be7 5. e3 O-O 6. Be2 dxc4 7. Bxc4 a6 8. O-O
b5 9. Bd3 Bb7 10. a3 c5 11. dxc5 Bxc5 12. Be2 Qc7 13. Bd2 Nbd7 14. Rc1 Ng4 15.
g3 Nge5 16. b4 Be7 17. Nxb5 Qb6 18. Nc3 Rfd8 19. Na4 Qa7 20. Rc7 Qb8 21. Rc1
Nf6 22. Nxe5 Qxe5 23. Qc2 Qd5 24. f3 Qxd2 25. Qxd2 Rxd2 26. Bd1 Rc8 27. Rxc8+
Bxc8 28. Nb6 Bb7 29. Nc4 Rd3 30. Be2 Rd8 31. Rc1 h6 32. Ne5 Rc8 33. Rxc8+ Bxc8
34. Nc6 Bd6 35. e4 Nd7 36. f4 e5 37. fxe5 Nxe5 38. Nxe5 Bxe5 39. Kf2 f6 40. Ke3
Kf8 41. Kd3 Ke7 42. Kc4 Kd6 43. Kb3 Kc6 44. Ka4 Kb6 45. b5 Bd7 0-1

[Event "4NCL/Div3/SCS vs. CONQ"]
[Site "Hinckley Island ENG"]
[Date "2008.12.06"]
[Round "3.6"]
[White "Paul, Barnaby"]
[Black "Ballard, Edward"]
[Result "1/2-1/2"]
[WhiteElo "1750"]
[BlackElo "1375"]
[PlyCount "84"]
[EventDate "2008.12.06"]
[SourceDate "2008.10.04"]

1. c4 Nc6 2. Nc3 Nf6 3. g3 e5 4. Bg2 Bc5 5. e3 Qe7 6. Nge2 O-O 7. O-O d6 8. d4
exd4 9. exd4 Bb6 10. Bg5 h6 11. Nd5 Qd8 12. Nxf6+ gxf6 13. Bxh6 Re8 14. d5 Bg4
15. Re1 Nd4 16. Bf1 Nf3+ 17. Kg2 Nxe1+ 18. Qxe1 Qe7 19. Qc3 Bxe2 20. Bxe2 Kh7
21. Be3 Bxe3 22. fxe3 Qxe3 23. Bd3+ Kg7 24. Qc2 Re5 25. Rf1 c6 26. Rf3 Qg5 27.
dxc6 bxc6 28. Qf2 c5 29. Rf4 d5 30. cxd5 Rxd5 31. Be2 Re8 32. Rg4 Rd2 33. Rxg5+
fxg5 34. Kf3 Rexe2 35. Qxe2 Rxe2 36. Kxe2 Kf6 37. Kd3 Ke6 38. g4 Kd5 39. b3 a6
40. a3 a5 41. a4 Ke5 42. Ke3 Kd5 1/2-1/2

[Event "4NCL/Div3/HAL vs. AMCAR"]
[Site "Hinckley Island ENG"]
[Date "2008.12.06"]
[Round "3.1"]
[White "Pugh, Glyn D"]
[Black "Mitchell, Stephen R"]
[Result "1/2-1/2"]
[WhiteElo "2045"]
[BlackElo "1980"]
[PlyCount "51"]
[EventDate "2008.12.06"]
[SourceDate "2008.10.04"]

1. e4 b6 2. d4 Bb7 3. Nc3 e6 4. Bd3 d6 5. Nf3 Nd7 6. O-O g6 7. Re1 Bg7 8. Bg5
Ne7 9. Qd2 h6 10. Be3 a6 11. b4 Nf6 12. h3 g5 13. Rad1 g4 14. hxg4 Nxg4 15. Bf4
Ng6 16. Bg3 h5 17. Ne2 Bh6 18. Qc3 h4 19. Bh2 Nxh2 20. Nxh2 Nf4 21. d5 e5 22.
Nxf4 Bxf4 23. Bc4 Qe7 24. Qh3 Bc8 25. Qc3 Bb7 26. Qh3 1/2-1/2

[Event "4NCL/Div3/HAL vs. AMCAR"]
[Site "Hinckley Island ENG"]
[Date "2008.12.06"]
[Round "3.2"]
[White "Green, George D A"]
[Black "Brockbank, Henry"]
[Result "1/2-1/2"]
[WhiteElo "1975"]
[BlackElo "2100"]
[PlyCount "36"]
[EventDate "2008.12.06"]
[SourceDate "2008.10.04"]

1. c4 f5 2. Nc3 Nf6 3. g3 g6 4. Bg2 Bg7 5. Nf3 d6 6. d4 O-O 7. O-O Qe8 8. Bg5
e5 9. dxe5 dxe5 10. Nd5 Nxd5 11. Qxd5+ Kh8 12. Rad1 Nc6 13. Be3 h6 14. Qd2 Kh7
15. b4 e4 16. Nd4 Nxd4 17. Bxd4 Bxd4 18. Qxd4 Be6 1/2-1/2